000 00354nam a22001217a 4500
999 _c5379
_d5379
008 250909b ||||| |||| 00| 0 eng d
020 _a9781471193125
082 _a823.92 TSA
100 _eTSANG,KEVIN
_lENGLISH
245 _aWELCOME TO DRAGON REALMS
260 _a1st FLOOR,222 GRAY'S INN ROAD,LONDON WC1X 8HB
_bSIMON 7 SCHUSTER UK LTD
_c2021
942 _2ddc